000 00258nam a2200109Ia 4500
008 220713s9999 xx 000 0 und d
020 _a075 3459299
082 _aJNF 796.81 ROB
100 _aLAUREN ROBERTSON
_9160741
245 0 _aMARTIAL ARTS
942 _cBK
_w561
_xJohn Tresidder
_y561
_zJohn Tresidder
999 _c707654
_d707653